000 00681nam a22002417a 4500
001 40449
003 UA-OsUOA
005 20210506204251.0
007 ta
008 20060807b un ||||| |||| 00| 0 ukr d
040 _aUA-OsUOA
_bukr
_cUA-OsUOA
_dUA-OsUOA
041 _aukr
080 _a82-97
090 _a82-97
_bІ-43
100 _aІларіон
245 _aВікові наші рани: драматичні поеми
260 _aВінніпег
_c1960
300 _a271 с.
650 7 _a82 Література. Літературознавство
_2UDC
942 _cBK
_2udc
955 _a3
999 _c311387
_d311387